LEADER 01818oam 2200469zu 450 001 996208123503316 005 20210807003518.0 035 $a(CKB)111026746752088 035 $a(SSID)ssj0000437170 035 $a(PQKBManifestationID)12170608 035 $a(PQKBTitleCode)TC0000437170 035 $a(PQKBWorkID)10431529 035 $a(PQKB)10114525 035 $a(EXLCZ)99111026746752088 100 $a20160829d1999 uy 101 0 $aeng 181 $ctxt 182 $cc 183 $acr 200 10$aThird International Conference on Advanced A/D and D/A Conversion Techniques and their Applications, 27-28 July 1999 210 31$a[Place of publication not identified]$cInstitution of Electrical Engineers$d1999 225 0 $aConference publication Third International Conference on Advanced A/D and D/A Conversion Techniques and their Applications, 27-28 July 1999 300 $aBibliographic Level Mode of Issuance: Monograph 311 $a0-85296-718-7 606 $aAnalog-to-digital converters$vCongresses 606 $aDigital-to-analog converters$vCongresses 606 $aElectrical & Computer Engineering$2HILCC 606 $aEngineering & Applied Sciences$2HILCC 606 $aElectrical Engineering$2HILCC 615 0$aAnalog-to-digital converters 615 0$aDigital-to-analog converters 615 7$aElectrical & Computer Engineering 615 7$aEngineering & Applied Sciences 615 7$aElectrical Engineering 676 $a621.39/814 712 02$aInstitution of Electrical Engineers 712 12$aInternational Conference on Advanced A/D and D/A Conversion Techniques and their Applications 801 0$bPQKB 906 $aBOOK 912 $a996208123503316 996 $aThird International Conference on Advanced A$92513298 997 $aUNISA LEADER 03963nam 2200625 a 450 001 9910781420103321 005 20230331010105.0 010 $a1-60086-607-7 010 $a1-60086-388-4 035 $a(CKB)2550000000073083 035 $a(EBL)3111558 035 $a(SSID)ssj0000565866 035 $a(PQKBManifestationID)12222284 035 $a(PQKBTitleCode)TC0000565866 035 $a(PQKBWorkID)10533723 035 $a(PQKB)10073613 035 $a(Au-PeEL)EBL3111558 035 $a(CaPaEBR)ebr10516662 035 $a(OCoLC)922978823 035 $a(MiAaPQ)EBC3111558 035 $a(EXLCZ)992550000000073083 100 $a19910130d1991 uy 0 101 0 $aeng 135 $aur|n|---||||| 181 $ctxt 182 $cc 183 $acr 200 10$aDynamics of detonations and explosions$b[electronic resource] $eexplosion phenomena /$fedited by A.L. Kuhl ... [et al.] 210 $aWashington, D.C. $cAmerican Institute of Aeronautics and Astronautics$dc1991 215 $a1 online resource (429 p.) 225 1 $aProgress in astronautics and aeronautics ;$vv. 134 300 $a"Technical papers presented from the Twelfth International Colloquium on Dynamics of Explosions and Reactive Systems, Ann Arbor, Michigan, July 1989, and subsequently revised for this volume." 311 $a0-930403-98-3 320 $aIncludes bibliographical references and index. 327 $a""Cover""; ""Title""; ""Copyright""; ""Table of Contents""; ""Preface""; ""Chapter I. Vapor Cloud Explosions""; ""Scaling of Vapor Cloud Explosions After Turbulent Jet Release""; ""Effect of Asymmetric Ignition on the Vapor Cloud Spatial Blast""; ""Experimental Investigation Concerning the Influenceof Turbulence on the Flame Front Velocity of FuelGas-Air Mixture Deflagrations""; ""Mechanism of Flame Acceleration Alonga Tube With Obstacles""; ""Explosion in a Vented Vessel Connected to a Duct"" 327 $a""Modelization and Validation Tests of the Dischargein Air of a Vessel Pressurized by a Flammable Gas""""Applicability of a Chemical-Equilibrium Modelto Explosion Products""; ""Inverse Numerical Process for Inlet ConditionsCalculus from Experimental Front Determination""; ""Chapter II. Blast Wave Reflections and Interactions""; ""Reflection of Shock and Explosion Waves from Surfaces Covered with Layers of Polyurethane Foam""; ""Simulating the Impact Made by a Shock Wave on aBody Surrounded by a Layer of Hot or Cold Gas""; ""Turbulent Wall Jet in a Mach Reflection Flow"" 327 $a""Numerical Simulation of the Change in theSupersonic Flow Past a Body Produced by Switchingon a Nearby Heat Source""""Shock Waves Produced by Reflected Detonations""; ""Spherical Wave Interaction with a Liquid-AirInterface: Analysis of the Holographic Results""; ""Formation of Zones with High ParticleConcentrations in Dusty Gas""; ""Chapter III. Vapor Explosions""; ""Shock Waves From Vapor Explosion in aShock Tube""; ""Dynamics of Explosive Interactions Between MoltenTin and Water in Stratified Geometry""; ""Steam Explosion Studies with Molten Iron-AluminaGenerated by Thermite Reactions"" 327 $a""Application of the Integrated Fuel-CoolantInteraction Code to a FITS-TypePouring Mode Experiment""""Multiphase Physical Explosion ModelingUsing the CULDESAC Code""; ""Author Index"" 410 0$aProgress in astronautics and aeronautics ;$vv. 134. 606 $aExplosions$vCongresses 606 $aGas dynamics$vCongresses 615 0$aExplosions 615 0$aGas dynamics 676 $a629.1 s 676 $a541.3/61 701 $aKuhl$b A. L$023160 712 02$aAmerican Institute of Aeronautics and Astronautics. 712 12$aInternational Colloquium on Dynamics of Explosions and Reactive Systems 801 0$bMiAaPQ 801 1$bMiAaPQ 801 2$bMiAaPQ 906 $aBOOK 912 $a9910781420103321 996 $aDynamics of detonations and explosions$93748484 997 $aUNINA